| Virtuální polytechnická knihovna - Souborný katalog - Úplný záznam dokumentu - MARC |
Uživatel: --- |
-----nas 22-----zu 4500
001 SKVPK0031840
003 CZ-VPK
005 20260422090400.0
008 260422d19471979||||| | ||| || |||||||
022 $a0030-3968
040 $aABA013$bcze
222 0$aOptician
245 00$aOptician
260 $aVelká Británie :$b London : IPC Business Press, 1932,$c1947-1979
650 07$afyzika$xfy$2psh
650 07$avěda a technika$xve$2psh
650 07$astrojírenství$xsr$2psh
780 00$tOptician and scientific instrument maker
910 $aABA013$r1947-1979
| čtvrtek 14.05.2026 05:51:09 |
© 2001-2015 Národní technická knihovna |
[Virtuální polytechnická knihovna]
[Servisní centrum]
[Souborný katalog]